00210nam a2200073Ia 4500008004100000100002600041245003600067260003300103170620s9999 xx 000 0 und d aSharma- R. K. (Hindi) 0aSamajik Adhyan Shikshan (Hindi) bAgra- Radha Prakashan Mandir